Gaming Quiz

Random Gaming or Nintendo Quiz

Zelda Breath of the Wild: Hyrule Compendium - Creatures Quiz Stats

 Plays Quiz not verified by Sporcle

Challenge
Share
Tweet
Embed
Score 0/83 Timer 10:00
0 Plays Today
Creatures % Correct
Horse
92.9%
Giant Horse
92.9%
White Horse
92.9%
Mountain Buck
78.6%
Mountain Doe
78.3%
Winterwing Butterfly
76.5%
Summerwing Butterfly
76.2%
Smotherwing Butterfly
75.8%
Hyrule Bass
75.4%
Thunderwing Butterfly
75.4%
Fireproof Lizard
75.4%
Hearty Bass
75.1%
Hightail Lizard
75.1%
Hearty Lizard
75.1%
Staminoka Bass
74.4%
Wasteland Coyote
74%
Cold-Footed Wolf
73.3%
Maraduo Wolf
71.9%
Grassland Fox
70.5%
Snowcoat Fox
69.8%
Honeyvore Bear
69.8%
Cold Darner
69.8%
Warm Darner
69.8%
Hot-Footed Frog
69.8%
Tireless Frog
69.8%
Grizzlemaw Bear
69.4%
Hylian Retriever
69.4%
Electric Darner
69.4%
Creatures % Correct
Mountain Goat
64.8%
White Goat
64.8%
Sizzlefin Trout
64.4%
Stealthfin Trout
64.4%
Chillfin Trout
64.1%
Voltfin Trout
63.7%
Woodland Boar
63.3%
Bladed Rhino Beetle
62.6%
Rugged Rhino Beetle
62.6%
Energetic Rhino Beetle
62.6%
Red-Tucked Boar
61.6%
Hearty Salmon
60.1%
Restless Cricket
60.1%
Armored Carp
58.4%
Mighty Carp
58%
Sanke Carp
57.7%
Tabantha Moose
57.3%
Sneaky River Snail
56.9%
HIghland Sheep
56.6%
Hearty Blueshell Snail
56.2%
Armored Porgy
55.9%
Mighty Porgy
55.5%
Bushy-Tailed Squirrel
54.4%
Lord of the Mountain
53.4%
Great-Horned Rinoceros
53.4%
Razorclaw Crab
53.4%
Ironshell Crab
53.4%
Bright-Eyed Crab
52.7%
Creatures % Correct
Sunset Firefly
52%
Red Sparrow
50.9%
Blue Sparrow
50.9%
Sand Sparrow
50.9%
Cucco
50.9%
Rainbow Sparrow
50.5%
Golden Sparrow
50.5%
Common Sparrow
50.2%
Blue-Winged Heron
49.8%
Pink Heron
49.5%
Sand Seal
49.1%
Patricia
49.1%
Eldin Ostrich
49.1%
Donkey
47.7%
Blupee
46.6%
Islander Hawk
46.3%
Mountain Crow
45.6%
Fairy
44.8%
Hateno Crow
44.1%
Bright-Chested Duck
42%
Stalhorse
41.6%
Water Buffalo
41.3%
Seagull
36.7%
Rainbow Pidgeon
35.2%
Wood Pidgeon
34.9%
Hotfeather Pidgeon
34.5%
White Pidgeon
34.5%

You're not logged in!

Compare scores with friends on all Sporcle quizzes.
OR
Log In

You Might Also Like...

Show Comments

Extras

Top Quizzes Today


Score Distribution

Your Account Isn't Verified!

In order to create a playlist on Sporcle, you need to verify the email address you used during registration. Go to your Sporcle Settings to finish the process.

Report this User

Report this user for behavior that violates our Community Guidelines.

Details: